[Event "X Memorial Pedro Lezcano Montalvo 2017"]
[Site "Ateneo Mpal. de Vecindario-C/Colón, s/n (Gran Canaria)"]
[Date "2017.04.11"]
[Round "5"]
[White "Larino Nieto, David"]
[Black "Debray, Christopher"]
[Result "0-1"]
[WhiteElo "2491"]
[BlackElo "2328"]
[EventDate "2017.04.08"]
[Board "4"]
[PlyCount "83"]
[EventRounds "9"]
[EventCountry "ESP"]

1. b3 g6 2. Bb2 Nf6 3. e4 d6 4. f4 Bg7 5. Ne2 O-O 6. d3 e5 7. g3 Nc6 8. Bg2
d5 9. Nbc3 d4 10. Nd5 Nxd5 11. exd5 Ne7 12. fxe5 Bxe5 13. Nxd4 Nxd5 14. Qd2
c5 15. Ne6 Qd6 16. d4 Bxg3+ 17. hxg3 Qxg3+ 18. Qf2 Qxf2+ 19. Kxf2 fxe6+ 20.
Kg3 Ne3 21. dxc5 Nxg2 22. Kxg2 Bd7 23. Rhf1 Rf5 24. Rxf5 exf5 25. Rd1 Bc6+
26. Kg3 Re8 27. Bc1 Kf7 28. Rd6 Re2 29. Rd2 Re1 30. Bb2 g5 31. Rd6 Rg1+ 32.
Kh3 f4 33. Bd4 Rg3+ 34. Kh2 Rg2+ 35. Kh3 h5 36. Rf6+ Ke7 37. Rh6 Rg3+ 38.
Kh2 Rg2+ 39. Kh3 f3 40. Rh7+ Ke6 41. c4 Be4 42. Rh6+ 0-1

[Event "X Memorial Pedro Lezcano Montalvo 2017"]
[Site "Ateneo Mpal. de Vecindario-C/Colón, s/n (Gran Canaria)"]
[Date "2017.04.11"]
[Round "5"]
[White "Aguera Naredo, Javier"]
[Black "Perez Guerra, Raul"]
[Result "1-0"]
[WhiteElo "2354"]
[BlackElo "2003"]
[EventDate "2017.04.08"]
[Board "5"]
[PlyCount "79"]
[EventRounds "9"]
[EventCountry "ESP"]

1. e4 e6 2. d4 d5 3. Nc3 Nf6 4. Bg5 Be7 5. e5 Nfd7 6. Bxe7 Qxe7 7. f4 O-O
8. Nf3 c5 9. Nb5 Nc6 10. c3 f6 11. Bd3 cxd4 12. cxd4 fxe5 13. fxe5 Qb4+ 14.
Qd2 Nb6 15. Qxb4 Nxb4 16. Ke2 Nxd3 17. Kxd3 Nc4 18. b3 Bd7 19. a4 a6 20.
Na3 Nxa3 21. Rxa3 Rac8 22. Raa1 Rc6 23. Rhc1 h6 24. Rxc6 Bxc6 25. Rc1 Rc8
26. Rc3 b6 27. b4 Bd7 28. Rxc8+ Bxc8 29. a5 b5 30. Ke3 g5 31. h4 gxh4 32.
Kf4 Kg7 33. Kg4 Bd7 34. Kxh4 Kg6 35. Kg4 Be8 36. Ne1 Kg7 37. Nd3 Bd7 38.
Nc5 Bc8 39. Kh5 Kh7 40. g4 1-0

[Event "X Memorial Pedro Lezcano Montalvo 2017"]
[Site "Ateneo Mpal. de Vecindario-C/Colón, s/n (Gran Canaria)"]
[Date "2017.04.11"]
[Round "5"]
[White "Gutierrez Olivares, Daniel"]
[Black "Mendez Acosta, Alexander Jesus"]
[Result "1-0"]
[WhiteElo "2336"]
[BlackElo "1931"]
[EventDate "2017.04.08"]
[Board "6"]
[PlyCount "52"]
[EventRounds "9"]
[EventCountry "ESP"]

1. d4 f5 2. g3 Nf6 3. Bg2 g6 4. Nh3 Bg7 5. Nf4 O-O 6. c3 c6 7. h4 Qb6 8. h5
e5 9. dxe5 Ng4 10. Nd3 Bxe5 11. Nd2 d5 12. Nf3 Bd6 13. hxg6 hxg6 14. Bf4
Bxf4 15. gxf4 Nd7 16. e3 Ndf6 17. Qe2 a5 18. O-O-O a4 19. a3 Ne4 20. Nfe5
Kg7 21. Nxg4 fxg4 22. Bxe4 dxe4 23. Ne5 Qb3 24. Rd6 Be6 25. Qxg4 Rf6 26.
Qh4 Rff8 1-0

[Event "X Memorial Pedro Lezcano Montalvo 2017"]
[Site "Ateneo Mpal. de Vecindario-C/Colón, s/n (Gran Canaria)"]
[Date "2017.04.11"]
[Round "5"]
[White "Cruz Ramirez, Nauzet"]
[Black "Ramirez Medina, Victor"]
[Result "0-1"]
[WhiteElo "1957"]
[BlackElo "2215"]
[EventDate "2017.04.08"]
[Board "7"]
[PlyCount "42"]
[EventRounds "9"]
[EventCountry "ESP"]

1. d4 Nf6 2. c4 e6 3. Nf3 d5 4. Nc3 c6 5. g3 Nbd7 6. Bg2 Be7 7. O-O O-O 8.
b3 b6 9. Nd2 Bb7 10. e4 Rc8 11. e5 Ne8 12. cxd5 cxd5 13. Bb2 Nc7 14. a3 Ba6
15. Re1 Nb8 16. Rc1 Qd7 17. f4 Nc6 18. Nf1 Nxd4 19. Nxd5 Nxd5 20. Qxd4 Bc5
21. Rxc5 bxc5 0-1

[Event "X Memorial Pedro Lezcano Montalvo 2017"]
[Site "Ateneo Mpal. de Vecindario-C/Colón, s/n (Gran Canaria)"]
[Date "2017.04.11"]
[Round "5"]
[White "Alonso Valiente, Alexis"]
[Black "Lam, Sophie"]
[Result "1-0"]
[WhiteElo "1918"]
[BlackElo "2080"]
[EventDate "2017.04.08"]
[Board "8"]
[PlyCount "201"]
[EventRounds "9"]
[EventCountry "ESP"]

1. d4 g6 2. Nf3 Bg7 3. Bf4 c5 4. e3 Nf6 5. c3 Qb6 6. Qb3 Qxb3 7. axb3 cxd4
8. exd4 d6 9. Na3 O-O 10. Be2 Be6 11. Nb5 Na6 12. Nd2 Nd5 13. Bg3 Ndc7 14.
O-O Nxb5 15. Bxb5 Nc7 16. Be2 Bh6 17. Nc4 Bd5 18. b4 f5 19. f4 Rfc8 20. Ne3
Be4 21. Bf3 Bxf3 22. Rxf3 Ne8 23. Bh4 e6 24. Nc2 d5 25. Ne1 Nd6 26. Nd3 b6
27. Ra6 Ne4 28. Rf1 Rc7 29. Rfa1 Rb7 30. Bg3 Bg7 31. Kf1 Kf8 32. Ke2 Ke8
33. Be1 Kd8 34. Bd2 Bf6 35. Ne1 Kc8 36. Nc2 Kb8 37. Be3 Rc7 38. Na3 Nd6 39.
Kd3 Kb7 40. b5 Rac8 41. Bd2 Kb8 42. Be1 Be7 43. b3 Ne4 44. Nb1 h6 45. R1a2
Rd8 46. Rc2 Rcd7 47. Bf2 Nd6 48. Re2 Nxb5 49. Ra1 Nc7 50. Nd2 Bf6 51. Nf3
Re8 52. Rae1 Kb7 53. Bh4 Bg7 54. Bg3 Rc8 55. Nh4 g5 56. fxg5 hxg5 57. Nf3
f4 58. Bf2 Bf6 59. Rc1 g4 60. Ne5 Rg7 61. Rf1 g3 62. hxg3 fxg3 63. Be1 Bxe5
64. Rxe5 Rg6 65. Rf7 Rh8 66. Re3 Rh2 67. Bxg3 Rxg2 68. Bxc7 Kc6 69. Bb8 Rb2
70. Rc7+ Kb5 71. c4+ Kb4 72. cxd5 exd5 73. Rc3 Rgg2 74. Bd6+ Kb5 75. Re1 a5
76. Bf4 a4 77. bxa4+ Kxa4 78. Re5 Rb5 79. Re2 Rb2 80. Rxb2 Rxb2 81. Bd6 Rg2
82. Rc2 Rg6 83. Bf4 b5 84. Rc5 Rf6 85. Bd2 Rf5 86. Rc8 Rh5 87. Kc2 b4 88.
Ra8+ Kb5 89. Rb8+ Kc6 90. Rxb4 Rf5 91. Ra4 Rf3 92. Ra5 Kd6 93. Ra6+ Kd7 94.
Bc3 Rf8 95. Bb4 Rf5 96. Kb3 Kc7 97. Re6 Rh5 98. Ka4 Rh4 99. Bc5 Rh8 100.
Ra6 Rh1 101. Kb5 1-0

[Event "X Memorial Pedro Lezcano Montalvo 2017"]
[Site "Ateneo Mpal. de Vecindario-C/Colón, s/n (Gran Canaria)"]
[Date "2017.04.11"]
[Round "5"]
[White "Sgircea, Silvia-Raluca"]
[Black "Diaz Suarez, Cayetano"]
[Result "1-0"]
[WhiteElo "2253"]
[BlackElo "1886"]
[EventDate "2017.04.08"]
[Board "9"]
[PlyCount "91"]
[EventRounds "9"]
[EventCountry "ESP"]

1. Nf3 Nf6 2. c4 e6 3. g3 b6 4. Bg2 Bb7 5. O-O c5 6. d4 Be7 7. Nc3 O-O 8.
d5 exd5 9. cxd5 d6 10. Nd2 a6 11. a4 Nbd7 12. e4 Ne5 13. Qe2 Ra7 14. f4 Ng6
15. Nc4 Re8 16. Qd3 Nd7 17. Re1 Bf8 18. Bd2 Bc8 19. Re2 Qc7 20. Bf3 Qb8 21.
Ra3 Nf6 22. Rb3 Rb7 23. Na3 Ra7 24. Nd1 Bg4 25. Bxg4 Nxg4 26. Ba5 Nf6 27.
Rxb6 c4 28. Nxc4 Qc7 29. Rc6 Qd7 30. Nf2 Ne7 31. Nb6 Qb7 32. Rc1 Nd7 33.
Nxd7 Qxd7 34. Bb6 Raa8 35. a5 Nc8 36. Bd4 Na7 37. Bxa7 Qxa7 38. Rc6 Reb8
39. Rec2 Rb5 40. Qd2 Rab8 41. Kg2 R8b7 42. Nd1 f5 43. exf5 Rc5 44. R2xc5
dxc5 45. d6 Rd7 46. Qd5+ 1-0

[Event "X Memorial Pedro Lezcano Montalvo 2017"]
[Site "Ateneo Mpal. de Vecindario-C/Colón, s/n (Gran Canaria)"]
[Date "2017.04.11"]
[Round "5"]
[White "Alvarado Diaz, Alejandro"]
[Black "Perez Perez, Gabriel"]
[Result "1-0"]
[WhiteElo "2415"]
[BlackElo "1899"]
[EventDate "2017.04.08"]
[Board "10"]
[PlyCount "51"]
[EventRounds "9"]
[EventCountry "ESP"]

1. Nf3 d5 2. g3 Nf6 3. Bg2 e6 4. c4 Be7 5. O-O O-O 6. d4 dxc4 7. Qc2 a6 8.
a4 Bd7 9. Rd1 Bc6 10. Nc3 a5 11. e4 Na6 12. Ne5 Nb4 13. Qe2 Be8 14. Nxc4 b6
15. Bf4 Bc6 16. Rac1 Rc8 17. h4 Ne8 18. Bh3 Bd7 19. Ne5 f5 20. d5 exd5 21.
Nxd5 Nxd5 22. Rxd5 Bd6 23. Nxd7 Bxf4 24. Nxf8 Qxd5 25. exd5 Bxc1 26. Qe6+
1-0

[Event "X Memorial Pedro Lezcano Montalvo 2017"]
[Site "Ateneo Mpal. de Vecindario-C/Colón, s/n (Gran Canaria)"]
[Date "2017.04.11"]
[Round "5"]
[White "Rabineau, Clement"]
[Black "Sosa Suarez, Carla Cristina"]
[Result "1-0"]
[WhiteElo "2269"]
[BlackElo "1896"]
[EventDate "2017.04.08"]
[Board "11"]
[PlyCount "63"]
[EventRounds "9"]
[EventCountry "ESP"]

1. e4 e6 2. d4 d5 3. Nc3 Be7 4. Bd3 dxe4 5. Nxe4 Nf6 6. Nf3 Nxe4 7. Bxe4
Nd7 8. Qe2 c5 9. c3 cxd4 10. Nxd4 Nc5 11. O-O Nxe4 12. Qxe4 a6 13. Be3 f5
14. Qf3 O-O 15. Bf4 Bf6 16. Rfd1 Qe8 17. Re1 Qf7 18. Be5 Bd7 19. Qxb7 Rfc8
20. Qf3 a5 21. a4 Ra6 22. h3 Rb6 23. b3 h6 24. Ra2 Kh7 25. Rae2 Rc5 26. Qd3
Kg8 27. Re3 Bc8 28. c4 Bb7 29. Bxf6 gxf6 30. Nxe6 Rc8 31. Qxf5 Kh8 32. Nf4
1-0

[Event "X Memorial Pedro Lezcano Montalvo 2017"]
[Site "Ateneo Mpal. de Vecindario-C/Colón, s/n (Gran Canaria)"]
[Date "2017.04.11"]
[Round "5"]
[White "Korneev Leskova, Svyatoslav"]
[Black "Gil Ojeda, Jorge"]
[Result "1-0"]
[WhiteElo "2186"]
[BlackElo "1862"]
[EventDate "2017.04.08"]
[Board "12"]
[PlyCount "115"]
[EventRounds "9"]
[EventCountry "ESP"]

1. c4 e5 2. g3 Nc6 3. Bg2 f5 4. Nc3 Nf6 5. d3 g6 6. e3 Bg7 7. Nge2 O-O 8.
O-O Ne7 9. Qb3 c6 10. e4 Kh8 11. a4 h6 12. a5 g5 13. exf5 Nxf5 14. Ne4 Rb8
15. Bd2 d5 16. cxd5 Nxd5 17. Rac1 Qe8 18. a6 b6 19. Nc5 Nfe7 20. Nb7 Bxb7
21. axb7 Rf6 22. Nc3 Rd6 23. Ne4 Rdd8 24. Ra1 Rxb7 25. Nc5 Rbb8 26. Ne6 Rd7
27. Nxg7 Kxg7 28. Bh3 Rc7 29. Rfe1 Ng6 30. Re2 Re7 31. Rae1 Rd8 32. Qc2 c5
33. Bf5 Rd6 34. Qc1 Rf6 35. Be4 Rd6 36. b3 a5 37. Qc2 Nb4 38. Qb1 Nd5 39.
Qa1 Nf8 40. Bc1 Nf6 41. Bf5 N6d7 42. Bb2 Rd5 43. Be4 Rd6 44. f4 Kg8 45.
fxe5 Rde6 46. Bd5 Ng6 47. Rf2 Kh7 48. Bxe6 Rxe6 49. Rfe2 Qf7 50. Qa4 h5 51.
Rf2 Qe8 52. Rf5 Qe7 53. Qe4 Kg8 54. Qd5 Kh7 55. Qf3 Kg8 56. Qxh5 Ndxe5 57.
Bxe5 Nxe5 58. Rxg5+ 1-0

[Event "X Memorial Pedro Lezcano Montalvo 2017"]
[Site "Ateneo Mpal. de Vecindario-C/Colón, s/n (Gran Canaria)"]
[Date "2017.04.12"]
[Round "6"]
[White "Kurajica, Bojan"]
[Black "Del Rio De Angelis, Salvador G"]
[Result "1-0"]
[WhiteElo "2517"]
[BlackElo "2524"]
[EventDate "2017.04.08"]
[Board "1"]
[PlyCount "77"]
[EventRounds "9"]
[EventCountry "ESP"]

1. Nf3 d5 2. g3 Nf6 3. Bg2 c5 4. O-O e6 5. c4 d4 6. e3 Nc6 7. exd4 cxd4 8.
d3 Bd6 9. Bg5 h6 10. Bxf6 Qxf6 11. Nbd2 Qd8 12. Re1 O-O 13. Rc1 a5 14. c5
Be7 15. Qa4 Nb4 16. Ne5 f6 17. a3 Na2 18. Rc2 fxe5 19. Qc4 Nc3 20. bxc3
dxc3 21. Rxc3 Qd4 22. Nf3 Qxc4 23. Rxc4 b5 24. Rc2 Ra7 25. Nxe5 Bf6 26. Nc6
Rd7 27. Be4 Bb7 28. Nxa5 Bxe4 29. dxe4 Ra8 30. e5 Be7 31. c6 Rd5 32. Nb7
Rc8 33. Re3 Rc7 34. Kg2 g5 35. Kf3 Rd4 36. Rec3 g4+ 37. Ke3 Rd5 38. Ke4 Bf8
39. Rd3 1-0

[Event "X Memorial Pedro Lezcano Montalvo 2017"]
[Site "Ateneo Mpal. de Vecindario-C/Colón, s/n (Gran Canaria)"]
[Date "2017.04.12"]
[Round "6"]
[White "Dvirnyy, Danyyil"]
[Black "Meneses Gonzalez, Kevin Moises"]
[Result "1-0"]
[WhiteElo "2541"]
[BlackElo "2310"]
[EventDate "2017.04.08"]
[Board "2"]
[PlyCount "79"]
[EventRounds "9"]
[EventCountry "ESP"]

1. e4 c5 2. Nf3 d6 3. d4 cxd4 4. Nxd4 Nf6 5. Nc3 a6 6. Bg5 e6 7. f4 h6 8.
Bh4 Qb6 9. Qd3 Qxb2 10. Rb1 Qa3 11. Be2 Nbd7 12. O-O Be7 13. Kh1 g5 14.
fxg5 hxg5 15. Bxg5 Ne5 16. Qd2 Nfg4 17. Bf4 Qc5 18. Na4 Qc7 19. Nb6 Rb8 20.
h3 Nf6 21. Bd3 Nfd7 22. Nxd7 Bxd7 23. Nf3 Bc6 24. Nxe5 dxe5 25. Bg5 Rd8 26.
Rbe1 Rh5 27. Bf6 Rh7 28. Qg5 Bxf6 29. Rxf6 Kd7 30. Ref1 Kc8 31. Rh6 Rxh6
32. Qxh6 Bb5 33. h4 Bxd3 34. cxd3 Kb8 35. h5 Qc2 36. Rxf7 Rxd3 37. Rf1 Qe2
38. Qf8+ Kc7 39. Qc5+ Kd8 40. Rf8+ 1-0

[Event "X Memorial Pedro Lezcano Montalvo 2017"]
[Site "Ateneo Mpal. de Vecindario-C/Colón, s/n (Gran Canaria)"]
[Date "2017.04.12"]
[Round "6"]
[White "Movsziszian, Karen"]
[Black "Garcia Blanco, Omar"]
[Result "1-0"]
[WhiteElo "2483"]
[BlackElo "2269"]
[EventDate "2017.04.08"]
[Board "3"]
[PlyCount "61"]
[EventRounds "9"]
[EventCountry "ESP"]

1. g3 e6 2. Bg2 d5 3. d3 c5 4. f4 Nf6 5. Nf3 Be7 6. O-O Nc6 7. Qe1 O-O 8.
e4 b6 9. e5 Ne8 10. c4 Nc7 11. Nc3 Bb7 12. b3 Qd7 13. Bb2 Rad8 14. Rd1 Qc8
15. Qe2 Rd7 16. cxd5 Nxd5 17. Nxd5 Rxd5 18. f5 exf5 19. Nh4 Nd4 20. Bxd4
Bxh4 21. Bxd5 Bxd5 22. gxh4 cxd4 23. Qf2 Bb7 24. Rc1 Qd8 25. Qxf5 Bc8 26.
Qe4 Qe7 27. Qxd4 Rd8 28. Qf4 Ba6 29. Rf3 Bxd3 30. Qg5 Qe8 31. Qxd8 1-0

[Event "X Memorial Pedro Lezcano Montalvo 2017"]
[Site "Ateneo Mpal. de Vecindario-C/Colón, s/n (Gran Canaria)"]
[Date "2017.04.12"]
[Round "6"]
[White "Ramirez Medina, Victor"]
[Black "Castellanos Rodriguez, Renier"]
[Result "0-1"]
[WhiteElo "2215"]
[BlackElo "2482"]
[EventDate "2017.04.08"]
[Board "4"]
[PlyCount "56"]
[EventRounds "9"]
[EventCountry "ESP"]

1. e4 c5 2. Nf3 Nc6 3. d4 cxd4 4. Nxd4 g6 5. c4 Bg7 6. Be3 Nf6 7. Nc3 O-O
8. Be2 d6 9. O-O Bd7 10. Nc2 Be6 11. Qd2 Rc8 12. Rac1 Qa5 13. f3 Nd7 14.
Na3 Nb6 15. f4 Qb4 16. Nd1 Na4 17. Qxb4 Nxb4 18. Nb5 a6 19. Nd4 Bd7 20. Nf2
Nxb2 21. a3 Nc6 22. Nb3 Be6 23. Nd2 Nd4 24. Bxd4 Bxd4 25. Rb1 Nxc4 26. Nxc4
Bxc4 27. Bxc4 Rxc4 28. Rxb7 Rc2 0-1

[Event "X Memorial Pedro Lezcano Montalvo 2017"]
[Site "Ateneo Mpal. de Vecindario-C/Colón, s/n (Gran Canaria)"]
[Date "2017.04.12"]
[Round "6"]
[White "Robin, Samy"]
[Black "Aguera Naredo, Javier"]
[Result "1/2-1/2"]
[WhiteElo "2285"]
[BlackElo "2354"]
[EventDate "2017.04.08"]
[Board "5"]
[PlyCount "80"]
[EventRounds "9"]
[EventCountry "ESP"]

1. e4 e5 2. Nf3 Nc6 3. d4 exd4 4. Nxd4 Bc5 5. Nxc6 bxc6 6. Nc3 d6 7. Bc4
Qh4 8. Qf3 Nf6 9. Qf4 Qxf4 10. Bxf4 Ng4 11. O-O O-O 12. Rad1 Re8 13. h3 Ne5
14. Be2 Bb7 15. Bg3 Bb4 16. Nb1 d5 17. c3 Bc5 18. Nd2 Bb6 19. Rfe1 Re7 20.
Kh1 Rae8 21. f4 Nd7 22. e5 f6 23. Nf3 g5 24. fxg5 fxe5 25. Nh4 Rg7 26. Bg4
Nc5 27. Bxe5 Rge7 28. Bg3 Ne4 29. Kh2 Bf2 30. Bxf2 Nxf2 31. Rxe7 Rxe7 32.
Rd4 c5 33. Rd2 Nxg4+ 34. hxg4 Re4 35. Kg3 Re3+ 36. Kf4 Re4+ 37. Kg3 Re3+
38. Kf4 Re4+ 39. Kg3 Re3+ 40. Kf2 Re4 1/2-1/2

[Event "X Memorial Pedro Lezcano Montalvo 2017"]
[Site "Ateneo Mpal. de Vecindario-C/Colón, s/n (Gran Canaria)"]
[Date "2017.04.12"]
[Round "6"]
[White "Debray, Christopher"]
[Black "Alonso Valiente, Alexis"]
[Result "1-0"]
[WhiteElo "2328"]
[BlackElo "1918"]
[EventDate "2017.04.08"]
[Board "6"]
[PlyCount "45"]
[EventRounds "9"]
[EventCountry "ESP"]

1. Nf3 Nf6 2. c4 e6 3. d4 d5 4. e3 c6 5. Nbd2 Be7 6. Bd3 Nbd7 7. O-O O-O 8.
e4 dxe4 9. Nxe4 Qc7 10. Nxf6+ Nxf6 11. Bc2 Rd8 12. Qd3 c5 13. Bg5 g6 14.
Rae1 cxd4 15. Ne5 Nh5 16. f4 Ng7 17. Ng4 Nf5 18. Qh3 d3 19. Bxd3 Rxd3 20.
Qxd3 b6 21. Nf6+ Kh8 22. Kh1 Bf8 23. Ne8 1-0

[Event "X Memorial Pedro Lezcano Montalvo 2017"]
[Site "Ateneo Mpal. de Vecindario-C/Colón, s/n (Gran Canaria)"]
[Date "2017.04.12"]
[Round "6"]
[White "Boursier, Julien"]
[Black "Alvarado Diaz, Alejandro"]
[Result "1/2-1/2"]
[WhiteElo "2033"]
[BlackElo "2415"]
[EventDate "2017.04.08"]
[Board "7"]
[PlyCount "106"]
[EventRounds "9"]
[EventCountry "ESP"]

1. d4 e6 2. Nf3 d5 3. c4 Nf6 4. Nc3 c6 5. Qc2 Nbd7 6. cxd5 exd5 7. Bg5 Be7
8. e3 O-O 9. Bd3 Re8 10. O-O h6 11. Bf4 Nf8 12. h3 Bd7 13. Rab1 Ne6 14. Bh2
c5 15. dxc5 Bxc5 16. Be5 Rc8 17. b4 Bb6 18. Qb3 Ng5 19. Nxg5 Rxe5 20. Nf3
Re8 21. Nxd5 Be6 22. Nxf6+ Qxf6 23. Qb2 Red8 24. Qxf6 gxf6 25. Be4 Bxa2 26.
Bxb7 Rb8 27. Rb2 Be6 28. Bc6 Rd6 29. b5 Rbd8 30. Ra1 Kg7 31. Nd4 Bd7 32.
Bxd7 Bxd4 33. exd4 R8xd7 34. Rb4 Rxd4 35. Rxd4 Rxd4 36. Rxa7 Rb4 37. Rb7 f5
38. g3 h5 39. Kg2 Rb3 40. b6 Kg6 41. Rb8 Kg7 42. b7 Kh7 43. Kf1 Rb2 44. Ke1
Kg7 45. Kd1 Kh7 46. Kc1 Rb6 47. Kc2 Kg7 48. Kc3 Rb1 49. Kd4 f4 50. Ke5 fxg3
51. fxg3 Rb5+ 52. Kf4 Kh7 53. Ke4 Kg7 1/2-1/2

[Event "X Memorial Pedro Lezcano Montalvo 2017"]
[Site "Ateneo Mpal. de Vecindario-C/Colón, s/n (Gran Canaria)"]
[Date "2017.04.12"]
[Round "6"]
[White "Bozinovic, Boban"]
[Black "Rabineau, Clement"]
[Result "0-1"]
[WhiteElo "2013"]
[BlackElo "2269"]
[EventDate "2017.04.08"]
[Board "8"]
[PlyCount "108"]
[EventRounds "9"]
[EventCountry "ESP"]

1. e4 e5 2. Nf3 d6 3. d4 exd4 4. Nxd4 Nf6 5. Nc3 Be7 6. Be2 O-O 7. O-O Re8
8. h3 c6 9. Be3 Bf8 10. Bd3 Nbd7 11. Re1 Qc7 12. a3 a5 13. a4 h6 14. f4 Nc5
15. Qf3 Bd7 16. Bf2 Nh7 17. Bf1 Rad8 18. b3 Bc8 19. Rad1 Be7 20. Re2 Nf8
21. Rde1 Ng6 22. g3 Bf6 23. Qh5 Nd7 24. Bg2 Ndf8 25. Nd1 Nh7 26. Nf5 Ngf8
27. Nd4 Bd7 28. Nc3 Ng6 29. Rd2 Be7 30. Qe2 Bf8 31. Qd3 Bc8 32. Nf3 Nf6 33.
Rde2 Nd7 34. Nd2 Nc5 35. Qf3 Be6 36. Qh5 Bc8 37. Nf3 Nd7 38. Nd4 Nc5 39.
Nf3 Ne7 40. Nd4 Na6 41. Qf3 Ng6 42. h4 Be7 43. h5 Nf8 44. g4 Nh7 45. Bh3
Nc5 46. Kh2 Ne6 47. Nf5 Bf6 48. Nd1 Nxf4 49. Kh1 Nxe2 50. Qxe2 Bxf5 51.
gxf5 d5 52. Bg2 Ng5 53. Qf1 Nxe4 54. Bxe4 Rxe4 0-1

[Event "X Memorial Pedro Lezcano Montalvo 2017"]
[Site "Ateneo Mpal. de Vecindario-C/Colón, s/n (Gran Canaria)"]
[Date "2017.04.12"]
[Round "6"]
[White "Rionda Medio, Angel Arturo"]
[Black "Korneev Leskova, Svyatoslav"]
[Result "1-0"]
[WhiteElo "1919"]
[BlackElo "2186"]
[EventDate "2017.04.08"]
[Board "9"]
[PlyCount "57"]
[EventRounds "9"]
[EventCountry "ESP"]

1. c4 Nf6 2. Nc3 e6 3. d4 Bb4 4. Qc2 b6 5. e4 Bb7 6. Bd3 Nc6 7. Ne2 e5 8.
d5 Nd4 9. Nxd4 exd4 10. a3 Bxc3+ 11. bxc3 dxc3 12. O-O d6 13. Qxc3 Qe7 14.
Bb2 O-O-O 15. Rae1 Ng4 16. f4 Qh4 17. h3 Nf6 18. e5 Nd7 19. exd6 cxd6 20.
Bf5 f6 21. Re7 g6 22. g3 Qh5 23. Bg4 Qh6 24. Qxf6 Rhe8 25. Bxd7+ Rxd7 26.
Rxe8+ Kc7 27. Re7 Qxh3 28. Rxd7+ Kxd7 29. Qe6+ 1-0

[Event "X Memorial Pedro Lezcano Montalvo 2017"]
[Site "Ateneo Mpal. de Vecindario-C/Colón, s/n (Gran Canaria)"]
[Date "2017.04.12"]
[Round "6"]
[White "Podvin, Francois-Xavier"]
[Black "De Leon Navarro, Claudio"]
[Result "1-0"]
[WhiteElo "2175"]
[BlackElo "1627"]
[EventDate "2017.04.08"]
[Board "10"]
[PlyCount "75"]
[EventRounds "9"]
[EventCountry "ESP"]

1. e4 d5 2. exd5 Qxd5 3. Nc3 Qa5 4. d4 c6 5. Nf3 Nf6 6. Bc4 Bf5 7. Bd2 Qc7
8. Ne5 e6 9. Qe2 Bd6 10. g4 Bg6 11. h4 Bxe5 12. dxe5 Nd5 13. h5 Bxc2 14.
Bxd5 exd5 15. Rc1 d4 16. Rxc2 dxc3 17. Bxc3 Qe7 18. h6 g6 19. Qe4 Na6 20.
e6 Rg8 21. Re2 O-O-O 22. Qc4 Qd6 23. O-O fxe6 24. Rxe6 Qd5 25. Qxd5 Rxd5
26. Rfe1 Rgd8 27. Re7 R5d7 28. Rg7 Nc7 29. Bf6 Re8 30. Rxe8+ Nxe8 31. Rg8
Rd1+ 32. Kg2 Kd7 33. Bc3 Rd6 34. Rg7+ Kc8 35. Rg8 Rd1 36. Bf6 Re1 37. g5
Kd7 38. Rh8 1-0

[Event "X Memorial Pedro Lezcano Montalvo 2017"]
[Site "Ateneo Mpal. de Vecindario-C/Colón, s/n (Gran Canaria)"]
[Date "2017.04.12"]
[Round "6"]
[White "Derakhshani, Dorsa"]
[Black "Rodriguez Redondo, Ethan"]
[Result "1-0"]
[WhiteElo "2351"]
[BlackElo "1867"]
[EventDate "2017.04.08"]
[Board "11"]
[PlyCount "93"]
[EventRounds "9"]
[EventCountry "ESP"]

1. e4 c5 2. Nf3 e6 3. d4 cxd4 4. Nxd4 Nc6 5. Nc3 Qc7 6. Be2 a6 7. O-O Nf6
8. Be3 Bb4 9. Na4 Be7 10. Nxc6 bxc6 11. Nb6 Rb8 12. Nxc8 Qxc8 13. Bd4 c5
14. Be5 Rb6 15. Qd3 d6 16. Bc3 O-O 17. b3 d5 18. e5 Nd7 19. Rad1 Rc6 20.
Qg3 f6 21. f4 Nb6 22. Bf3 f5 23. a3 c4 24. b4 Na4 25. Bd4 c3 26. Be2 Nb2
27. Rb1 Nc4 28. Qxc3 Nxe5 29. Qa1 Nd7 30. Bxg7 Bf6 31. Bxf6 Rxf6 32. Bd3
Rg6 33. Qd4 Nf6 34. a4 Ne4 35. Rb2 Qc7 36. b5 axb5 37. axb5 Rb6 38. Bxe4
dxe4 39. c4 Rd6 40. b6 Qd8 41. Qf2 Rd1 42. b7 Rxf1+ 43. Kxf1 Qb8 44. c5 e5
45. fxe5 Rc6 46. Qd4 Rc7 47. Qd6 1-0

[Event "X Memorial Pedro Lezcano Montalvo 2017"]
[Site "Ateneo Mpal. de Vecindario-C/Colón, s/n (Gran Canaria)"]
[Date "2017.04.12"]
[Round "6"]
[White "Lam, Sophie"]
[Black "Alba Santana, Cayetano"]
[Result "1/2-1/2"]
[WhiteElo "2080"]
[BlackElo "1845"]
[EventDate "2017.04.08"]
[Board "12"]
[PlyCount "89"]
[EventRounds "9"]
[EventCountry "ESP"]

1. e4 e5 2. Nf3 Nc6 3. Nc3 Bc5 4. Nxe5 Nxe5 5. d4 Bd6 6. dxe5 Bxe5 7. Qd3
c6 8. f4 Bc7 9. Bd2 Ne7 10. O-O-O O-O 11. Qf3 b5 12. g4 a5 13. h4 b4 14.
Na4 d5 15. e5 f6 16. exf6 Rxf6 17. Bd3 Bd6 18. f5 Rf8 19. Bg5 Qc7 20. Kb1
Ng6 21. Qg2 Ne5 22. Be2 Bb7 23. Rhf1 c5 24. b3 c4 25. Bf4 Nf7 26. Bxd6 Nxd6
27. Bf3 Ne4 28. Bxe4 dxe4 29. Qf2 cxb3 30. axb3 Bc6 31. Qc5 Qb7 32. Qc4+
Kh8 33. Rfe1 Bxa4 34. bxa4 Rac8 35. Qxe4 Qc7 36. Re2 Qg3 37. g5 Qa3 38. Rd3
Qxa4 39. f6 gxf6 40. gxf6 Qc6 41. Qxc6 Rxc6 42. Rd5 a4 43. Re4 b3 44. cxb3
axb3 45. Rb5 1/2-1/2

[Event "X Memorial Pedro Lezcano Montalvo 2017"]
[Site "Ateneo Mpal. de Vecindario-C/Colón, s/n (Gran Canaria)"]
[Date "2017.04.13"]
[Round "7"]
[White "Kurajica, Bojan"]
[Black "Dvirnyy, Danyyil"]
[Result "1/2-1/2"]
[WhiteElo "2517"]
[BlackElo "2541"]
[EventDate "2017.04.08"]
[Board "1"]
[PlyCount "0"]
[EventRounds "9"]
[EventCountry "ESP"]

1. Nf3 d5 2. b3 Bf5 3. Bb2 e6 4. g3 Nf6 5. Bg2 Be7 6. c4 c6 7. d3 h6 8.
Nbd2 O-O 9. O-O a5 10. a3 Bh7 11. Qc2 Nbd7 12. Bc3 Bd6 13. Qb2 e5 14. d4 e4
15. Ne5 Qe7 16. f4 exf3 17. exf3 Rfd8 18. Kh1 Nf8 19. Rfe1 Qc7 20. c5 Bxe5
21. Rxe5 a4 22. Rae1 Bd3 23. Bb4 Ng6 24. R5e3 Bf5 25. bxa4 Rxa4 26. Nb3
Raa8 27. Qf2 Nf8 28. Re5 Be6 29. Bf1 g5 30. Bd3 Re8 31. g4 N6d7 32. R5e2
Qf4 33. Bf5 Nf6 34. Qg3 Qxg3 35. hxg3 h5 36. Bxe6 Nxe6 37. gxh5 Nxh5 38.
Kh2 g4 39. Re5 Nf6 1/2-1/2

[Event "X Memorial Pedro Lezcano Montalvo 2017"]
[Site "Ateneo Mpal. de Vecindario-C/Colón, s/n (Gran Canaria)"]
[Date "2017.04.13"]
[Round "7"]
[White "Gutierrez Olivares, Daniel"]
[Black "Debray, Christopher"]
[Result "0-1"]
[WhiteElo "2336"]
[BlackElo "2328"]
[EventDate "2017.04.08"]
[Board "3"]
[PlyCount "0"]
[EventRounds "9"]
[EventCountry "ESP"]

1. e4 c5 2. Nf3 g6 3. d4 cxd4 4. Nxd4 Nc6 5. c4 Nf6 6. Nc3 Nxd4 7. Qxd4 d6
8. Nd5 Bg7 9. Bg5 O-O 10. Bxf6 exf6 11. Qd2 Re8 12. Be2 Rxe4 13. O-O f5 14.
Rad1 Be6 15. Rfe1 Rc8 16. Qb4 Bxd5 17. Rxd5 Qe7 18. Kf1 Re8 19. Qd2 Qh4 20.
h3 Bd4 21. Rxd4 Rxd4 22. Bd3 Rxe1+ 0-1